000 00382nam a2200157 4500
001 18883
005 20230410143319.0
008 060907n2002 dr spa
035 _9funglode19033
041 _aEN
050 1 4 _aYSL
245 0 2 _aA framework for action on energy
260 _a[s.l.] :
_bThe Wahab Working Group,
_c2002
300 _a36 p.
942 _2lcc
_cbk
999 _c99357
_d99357